L'étrange Noël de Monsieur Jack - Que vois-je ? - Statistiques

Statistiques générales
  • Ce quiz a été pris 56 fois
  • Le résultat moyen est 275 sur 356
Statistiques - réponses
Réponse % Correct
Je
100%
je
100%
Que
100%
que
100%
vois
100%
de
96%
Des
96%
des
96%
vois-je
96%
vois-je?
96%
Ce
91%
ce
91%
La
91%
la
91%
suis
91%
a
87%
bleu
87%
Ces
87%
ces
87%
dans
87%
Dans
87%
Du
87%
du
87%
enfants
87%
Enfin
87%
il
87%
Il
87%
le
87%
les
87%
Les
87%
ma
87%
me
87%
rouge
87%
Tout
87%
tout
87%
vert
87%
Au
83%
crois
83%
et
83%
Et
83%
heureux
83%
l'air
83%
Mais
83%
mais
83%
mes
83%
neige
83%
n'en
83%
Ou
83%
ou
83%
pas
83%
sa
83%
sont
83%
sous
83%
tous
83%
un
83%
une
83%
yeux
83%
c'est
78%
C'est
78%
chimère
78%
ils
78%
Ils
78%
lit
78%
n'est
78%
n'y
78%
on
78%
Par
78%
qu'est
78%
qui
78%
qu'un
78%
reve
78%
rien
78%
sur
78%
ca
74%
coins
74%
délire
74%
est
74%
fantastique
74%
flocons
74%
gens
74%
Jack
74%
leur
74%
mon
74%
Oh
74%
sapin
74%
savoir
74%
suis-je
74%
veux
74%
blancs
70%
boules
70%
chaleur
70%
coeur
70%
comment
70%
contre
70%
démenage
70%
faut
70%
fou
70%
joie
70%
malade
70%
m'en
70%
petits
70%
Réveille-toi
70%
revent
70%
sorcières
70%
surement
70%
Tiens
70%
toutes
70%
vie
70%
voir
70%
absolument
65%
autour
65%
avoir
65%
couleurs
65%
dire
65%
d'un
65%
endormis
65%
grande
65%
gui
65%
J'en
65%
lancent
65%
lieu
65%
maman
65%
manèges
65%
mort
65%
ni
65%
non
65%
ont
65%
passent
65%
peur
65%
pour
65%
remplace
65%
rient
65%
sache
65%
s'embrassent
65%
sèment
65%
temps
65%
terre
65%
terreur
65%
veut
65%
Adieu
61%
Bonjour
61%
corps
61%
créatures
61%
fait
61%
farandole
61%
fete
61%
gateaux
61%
lancer
61%
m'emporte
61%
merveilles
61%
merveilleux
61%
rire
61%
s'appelle
61%
soleil
61%
symphonique
61%
vieux
61%
village
61%
voila
61%
vraiment
61%
cheminée
57%
chers
57%
découvre
57%
ici
57%
monstres
57%
musique
57%
nains
57%
s'affole
57%
sourires
57%
toujours
57%
voyage
57%
airs
52%
davantage
52%
dirait
52%
etre
52%
fantomes
52%
fois
52%
lampes
52%
l'odeur
52%
milliers
52%
paix
52%
peut
52%
place
52%
règne
52%
Soudain
52%
soupirs
52%
trompe
52%
uniques
52%
visage
52%
accrochées
48%
conte
48%
couvert
48%
cris
48%
devant
48%
fée
48%
fils
48%
j'entends
48%
lire
48%
l'ont
48%
Magiques
48%
misère
48%
nouveau
48%
Plus
48%
vient
48%
d'ustensiles
43%
prendre
43%
s'amusent
43%
vole
43%
cauchemars
39%
plane
39%
Ah
35%
rassemblés
26%
Surprise
26%
Aucun quiz correspondant
Distribution des résultats
% des personnes avec chaque résultat
Percentile par nombre de réponses
Votre historique - résultats
Vous n’avez pas pris ce quiz